Fire Safety (England) Regulations 2022: fire door guidance (Record no. 121325)

MARC details
000 -LEADER
fixed length control field 00995nam a22001817a 4500
008 - FIXED-LENGTH DATA ELEMENTS--GENERAL INFORMATION
fixed length control field 230124s2023 xxk|||||o||||f00| 0 eng d
110 ## - MAIN ENTRY--CORPORATE NAME
9 (RLIN) 1239
Corporate author Home Office
245 ## - TITLE STATEMENT
Title Fire Safety (England) Regulations 2022: fire door guidance
Statement of responsibility, etc [Electronic resource]
260 ## - PUBLICATION INFORMATION
Place of publication England,
Publisher Home Office,
Date 19 February 2023
520 ## - ABSTRACT
Abstract Home Office guidance, based on the assumption that a fire risk assessment has already assessed the suitability of the fire doors, advises responsible persons carrying out simple checks upon a fire door on how to conduct routine checks and provide information to residents.
650 ## - KEYWORDS
Keywords Cladding
650 ## - KEYWORDS
Keywords Fire Safety
690 ## - LOCAL SUBJECT ADDED ENTRY--TOPICAL TERM (OCLC, RLIN)
9 (RLIN) 6244
Topical term or geographic name as entry element Health and safety
690 ## - LOCAL SUBJECT ADDED ENTRY--TOPICAL TERM (OCLC, RLIN)
9 (RLIN) 6224
Topical term or geographic name as entry element Building regulations
690 ## - LOCAL SUBJECT ADDED ENTRY--TOPICAL TERM (OCLC, RLIN)
9 (RLIN) 6266
Topical term or geographic name as entry element Residential property
710 ## - ADDED CORPORATE NAME
9 (RLIN) 1239
Added corporate author Home Office
856 ## - ONLINE RESOURCE
Uniform Resource Identifier https://www.gov.uk/government/publications/fire-safety-england-regulations-2022-fire-door-guidance/fire-safety-england-regulations-2022-fire-door-guidance
Public note Available on .gov.uk
Holdings
Withdrawn status Lost status Source of classification or shelving scheme Damaged status Not for loan Home library Current library Shelving location Date acquired Total Checkouts Date last seen Price effective from Koha item type
    Dewey Decimal Classification     Virtual Virtual Online 24/01/2023   24/01/2023 24/01/2023 Online material